Russian roulette /

Spremljeno u:
Bibliografski detalji
Glavni autor: Freeborn, Richard
Format: Knjiga
Jezik:English
Izdano: London : Cassell, 1979.
Teme:
LEADER 00883cam a2200253 a 4500
001 c000276947
003 CARM
005 20071122090922.0
008 800514s1979 enk 000 1 eng d
015 |a B7922773 
019 1 |a 1916849  |5 LACONCORD2021 
020 |a 0304303275 :  |c £4.95 
035 |a (OCoLC)5692389  |5 LACONCORD2021 
040 |a BNB  |b eng  |c BNB  |d ABN:1V  |d VCAV 
082 0 4 |a 823.914  |2 22 
100 1 |a Freeborn, Richard. 
245 1 0 |a Russian roulette /  |c Richard Freeborn. 
260 |a London :  |b Cassell,  |c 1979. 
300 |a 211 p. ;  |c 21 cm. 
500 |a Fiction in English, 1900-. Texts (BNB/PRECIS) 
650 0 |a English fiction. 
852 8 |b CARM  |h A1:AM22A0  |i A04988  |p 0395985  |f BK 
999 f f |i 1a847756-6da0-5bdd-b863-bd09ba0ea9d7  |s e5ed4047-5d2e-58bc-8df5-ebd102b1ef42 
952 f f |p Can circulate  |a CAVAL  |b CAVAL  |c CAVAL  |d CARM 1 Store  |e A04988  |f A1:AM22A0  |h Other scheme  |i book  |m 0395985